logo

Bir Sreshtho Munshi Abdur Rouf Library
Jhenaidah Cadet College

The art of prose / (Record no. 9331)

MARC details
000 -LEADER
fixed length control field 00689nam a2200253 a 4500
001 - CONTROL NUMBER
JCCL Control Number 9331
003 - CONTROL NUMBER IDENTIFIER
JCCL marc code BD-JhCC
005 - DATE AND TIME OF LATEST TRANSACTION
control field 20180529114655.0
008 - FIXED-LENGTH DATA ELEMENTS--GENERAL INFORMATION
fixed length control field 180313s1965 nyu 000 0 eng d
035 ## - SYSTEM CONTROL NUMBER
system control number (BD-JhCC)9331
040 ## - CATALOGING SOURCE
Original cataloging agency BD-JhCC
Transcribing agency CarP
Modifying agency BD-JhCC
041 ## - LANGUAGE CODE
Language code of Book eng
050 00 - LIBRARY OF CONGRESS CALL NUMBER
Classification number PE1417
Item number .J65
082 ## - DEWEY DECIMAL CLASSIFICATION NUMBER
Classification number 808.4
Author mark and Year ART 1965
245 14 - TITLE STATEMENT
Title The art of prose /
Statement of responsibility, etc edited by Palul A. Jorgensen & Frederick B. Shoryer
260 ## - PUBLICATION, DISTRIBUTION, ETC. (IMPRINT)
Place of publication, distribution, etc New York,
Name of publisher, distributor, etc Schribner
Date of publication, distribution, etc [1965]
300 ## - PHYSICAL DESCRIPTION
Pagination 501 p. :
Dimensions 21 cm.
650 #0 - SUBJECT ADDED ENTRY--TOPICAL TERM
Topical term or geographic name as entry element English language
General subdivision Rhetoric.
650 #0 - SUBJECT ADDED ENTRY--TOPICAL TERM
Topical term or geographic name as entry element College readers.
700 1# - ADDED ENTRY--PERSONAL NAME
Personal name Jorgensen, Palul A.
700 1# - ADDED ENTRY--PERSONAL NAME
Personal name Shoryer, Frederick B.
942 ## - ADDED ENTRY ELEMENTS (KOHA)
Source of classification or shelving scheme Dewey Decimal Classification
Koha item type Books
Holdings
Source of classification or shelving scheme Damaged status Not for loan Home library Current library Shelving location Source of acquisition Total Checkouts Full call number Barcode Date last seen Copy number Koha item type
Dewey Decimal Classification     JCC Rouf Library JCC Rouf Library General Stacks Asia Foundation   808.4 ART 1965 12340 03/13/2018 C - 1 Books

JCC Library | Contacts | JCC Home

Last Update on 23 September 2017
Copyright @ 2017-2020 JCC Rouf Library
Rouf Library, Jhenidah Cadet College (JCC), Bangladesh